000 00640nam a2200193Ii 4500
003 JO-AjNU
008 230605s9999||||xx |||||||||||||| ||und||
040 _aJO-AjNU
_bara
_erda
_cJO-AjNU
041 _aara
050 1 4 _aPN879.V3612 1900
100 3 _aتأليف تيغم، ب.فان ؛ تعريب الحسامي، سامي مصباح,
_eauthor
_915332
245 0 0 _aالأدب المقارن
264 3 1 _aبيروت: المكتبة العصرية، 1900
300 _a170ص
336 _atext
_btxt
_2rdacontent
337 _aunmediated
_bn
_2rdamedia
338 _avolume
_bnc
_2rdacarrier
650 4 _aالأدب المقارن
_915333
999 _aA4304
_c7872
_d7872